| 000 | 00432nam a2200145 4500 | ||
|---|---|---|---|
| 020 | _a0075489155 | ||
| 050 |
_aHF 5415 _b.S74 1985 |
||
| 100 | _aStanton, William J. | ||
| 245 |
_aFundamentals of marketing _cWilliam, J. Stanton, Montrose S. Sommers, James G. Barnes |
||
| 250 | _a4th | ||
| 260 |
_aToronto: _bMcGraw-Hill, _c1985. |
||
| 650 | _bMarketing. | ||
| 700 |
_a Sommers, S. Montrose _a. Barnes, G. James, |
||
| 942 |
_2lcc _cGEN |
||
| 999 |
_c5737 _d5737 |
||